LEADER 01147nam a2200241 4500 001 000000340807 003 CaOOAMICUS 005 20200629123658.0 008 200629s2012 xxu 000 u eng r 020 $a978-1-935317-26-5 040 $aSeMil$bita 245 10$a4: The Church: communion in the Holy Spirit /$cforeword by Peter C. Bouteneff. 264 1$aBrookline, Massachusetts :$bHoly cross orthodox press,$c2012. 300 $aXI, 175 p. ;$c23 cm 700 1 $aBouteneff, Peter C.$0(OLS)http://semarc/name/111636 773 0 $aStaniloae, Dumitru $tExperience of God.$dBrookline, Massachusetts : Holy cross orthodox press, 1994-2013.$w()340798 850 $aSeMil 852 $aSeMil$W1$xVenegono$y1$m2K III 458$j222880$B231831$CSeMilBibl$Z2$F231831 $81 961 $aBrambilla don Paolo - Omaggio 996 $6020$a978-1-935317-26-5$9(OLS)http://semarc/number/290683 996 $6245$a4: The Church: communion in the Holy Spirit$9(OLS)http://semarc/title/429886 996 $6264$aBrookline, Massachusetts :$bHoly cross orthodox press$9(OLS)http://semarc/publisher/59064 LEADER 01519nam a2200325 i 4500 001 000000038765 003 CaOOAMICUS 005 20080731000000.0 008 080731s1974 it u000 u ita u 013 $a9373 040 $aSeMil$bita 100 1 $aSvetonius, Gaius Tranquillus,$d.$0(OLS)http://semarc/name/89235 245 13$aLe vite di dodici Cesari /$cSvetonio ; Introduzione e traduzione di Alessandro Cutolo ; Introduzioni storiche di Federico Roncoroni ; Fotografie di Mario Monge. 260 $aMilano :$bRusconi,$c1974. 300 $a551 p., [14] p. di tav. :$bill., c. geogr. ;$c22 cm. 490 0 $aLa storia da vicino 500 $aContiene : Appendici. - Ed. stampata in 300 copie ad personam numerate da 1 a 300. - Esemplare N. 46, stampato per Giovanni Colombo. - In custodia. 650 4$aImpero romano <27 a.C.-395>.$0(OLS)http://semarc/subject/4365 700 1 $aMonge, Mario.$0(OLS)http://semarc/name/18667 700 1 $aRoncoroni, Federico.$0(OLS)http://semarc/name/18666 700 1 $aCutolo, Alessandro.$0(OLS)http://semarc/name/8277 830 3$aLa storia da vicino.$0(OLS)http://semarc/title/7312 850 $aSeMil 852 $aSeMil$W1$xVenegono$y1$m1X II 124$j237793$B4920$CSeMilBibl$Z2$F4920 $81 900 1 $aSvetonio. 941 1 $a3 961 $aOmaggio: Colombo Card. Giovanni 996 $6245$aLe vite di dodici Cesari$9(OLS)http://semarc/title/6043 996 $6260$aMilano :$bRusconi$9(OLS)http://semarc/publisher/30258